000 00703nam a2200193Ia 4500
003 GCL
008 140319s9999 xx 000 0 ara d
040 _aGCL /
_cGCL
082 0 4 _a912.538
_bع ك
100 1 _aعبدالله يوسف الغنيم
245 1 0 _aالكويت قراءة فى الخرائط التاريخية /
_cعبدالله يوسف الغنيم
260 _aالكويت :
_bمركز البحوث والدراسات الكويتية ،
_c1994
300 _a47 ص ؛
_c20 سم
490 _aالهيئة العامة للاستعلامات
_v0
650 0 4 _aالخرائط
650 0 4 _aالكويت - تاريخ
650 0 4 _aالكويت - الخرائط
942 _2ddc
_cBK
999 _c52159
_d52159